000 00702nam a2200229Ia 4500
005 20230208111917.0
008 131103s9999 xx 000 0 und d
020 _a521095816
_cRs. 950
040 _aLoreto College
041 _aEnglish
082 _a820.9
_bSAM
100 _aSampson, George
245 4 _aThe Concise cambridge history of English literature
_cGeorge Sampson; revised and edited by R. C. Churchill
250 _a3rd ed., rev.
260 _aCambridge
_bUniversity Press
_c1970 (1999 printing)
300 _axiii,976 p.
504 _aIncludes index
650 _aEnglish Literature - History and Criticism
700 _aChurchill, R. C., ed.
850 _aLCLIB
942 _cBK
999 _c6827
_d57306